[Event "Grand Swiss "]
[Date "2025.09.14"]
[White "Vachier-Lagrave, Maxime"]
[Black "Erdogmus, Yagiz Kaan"]
[WhiteElo "2738"]
[BlackElo "2646"]
[Round "9.9.9"]
[Result "1-0"]

1. e4 {[%clk 01:40:57] [%emt 00:00:02]} e5 {[%clk 01:40:56] [%emt 00:00:05]} 2.
Nf3 {[%clk 01:41:25] [%emt 00:00:03]} Nc6 {[%clk 01:41:21] [%emt 00:00:05]} 3.
Bb5 {[%clk 01:41:52] [%emt 00:00:02]} a6 {[%clk 01:41:46] [%emt 00:00:05]} 4.
Ba4 {[%clk 01:42:20] [%emt 00:00:02]} Nf6 {[%clk 01:42:09] [%emt 00:00:07]} 5.
O-O {[%clk 01:42:46] [%emt 00:00:04]} Nxe4 {[%clk 01:42:35] [%emt 00:00:04]} 6.
d4 {[%clk 01:43:12] [%emt 00:00:04]} b5 {[%clk 01:43:00] [%emt 00:00:06]} 7. Bb3
{[%clk 01:43:37] [%emt 00:00:05]} d5 {[%clk 01:43:25] [%emt 00:00:05]} 8. dxe5
{[%clk 01:43:58] [%emt 00:00:10]} Be6 {[%clk 01:43:49] [%emt 00:00:06]} 9. c3
{[%clk 01:44:20] [%emt 00:00:08]} Be7 {[%clk 01:43:37] [%emt 00:00:42]} 10. Nbd2
{[%clk 01:43:17] [%emt 00:01:32]} Nc5 {[%clk 01:43:42] [%emt 00:00:25]} 11. Bc2
{[%clk 01:43:41] [%emt 00:00:06]} d4 {[%clk 01:43:48] [%emt 00:00:24]} 12. Nb3
{[%clk 01:43:47] [%emt 00:00:25]} dxc3 {[%clk 01:42:48] [%emt 00:01:30]} 13.
Nxc5 {[%clk 01:44:08] [%emt 00:00:09]} Bxc5 {[%clk 01:43:03] [%emt 00:00:14]}
14. Be4 {[%clk 01:43:08] [%emt 00:01:30]} Qd7 {[%clk 01:42:42] [%emt 00:00:51]}
15. Bg5 {[%clk 01:41:54] [%emt 00:01:43]} h6 {[%clk 01:41:19] [%emt 00:01:53]}
16. Qc2 {[%clk 01:42:18] [%emt 00:00:05]} hxg5 {[%clk 01:41:07] [%emt 00:00:42]}
17. Rad1 {[%clk 01:42:41] [%emt 00:00:07]} Nb4 {[%clk 01:40:20] [%emt 00:01:18]}
18. Qxc3 {[%clk 01:43:07] [%emt 00:00:04]} Bxf2+ {[%clk 01:40:47] [%emt
00:00:04]} 19. Kxf2 {[%clk 01:43:31] [%emt 00:00:06]} Nd5 {[%clk 01:41:15] [%emt
00:00:02]} 20. Qc1 {[%clk 01:43:50] [%emt 00:00:11]} O-O-O {[%clk 01:37:24]
[%emt 00:04:20]} 21. h3 {[%clk 01:39:04] [%emt 00:05:16]} f5 {[%clk 00:54:31]
[%emt 00:43:24]} 22. exf6 {[%clk 01:30:55] [%emt 00:08:39]} gxf6 {[%clk
00:53:31] [%emt 00:01:30]} 23. Nd4 {[%clk 01:30:54] [%emt 00:00:31]} Rh4 {[%clk
00:24:44] [%emt 00:29:16]} 24. Rfe1 {[%clk 01:26:35] [%emt 00:04:49]} Rf4+
{[%clk 00:16:13] [%emt 00:09:02]} 25. Bf3 {[%clk 01:23:16] [%emt 00:03:48]} Bxh3
{[%clk 00:15:20] [%emt 00:01:22]} 26. Qc6 {[%clk 01:14:53] [%emt 00:08:53]}
Rxf3+ {[%clk 00:11:14] [%emt 00:04:37]} 27. gxf3 {[%clk 01:14:49] [%emt
00:00:34]} Nb6 {[%clk 00:11:25] [%emt 00:00:19]} 28. Nxb5 {[%clk 01:13:22] [%emt
00:01:57]} Qxc6 {[%clk 00:11:49] [%emt 00:00:06]} 29. Na7+ {[%clk 01:13:48]
[%emt 00:00:03]} Kb7 {[%emt 00:00:04]} 30. Nxc6 {[%clk 01:14:13] [%emt
00:00:05]} Rxd1 {[%clk 00:12:20] [%emt 00:00:26]} 31. Na5+ {[%clk 01:14:39]
[%emt 00:00:04]} Kc8 {[%clk 00:12:48] [%emt 00:00:02]} 32. Rxd1 {[%clk 01:15:04]
[%emt 00:00:05]} Be6 {[%clk 00:12:28] [%emt 00:00:50]} 33. b3 {[%clk 01:14:13]
[%emt 00:01:21]} Bd5 {[%clk 00:09:56] [%emt 00:03:02]} 34. Ke3 {[%clk 01:11:16]
[%emt 00:03:27]} c6 {[%clk 00:10:18] [%emt 00:00:09]} 35. Rg1 {[%clk 01:03:47]
[%emt 00:07:58]} Kc7 {[%clk 00:09:26] [%emt 00:01:22]} 36. f4 {[%clk 01:02:57]
[%emt 00:01:19]} gxf4+ {[%clk 00:09:50] [%emt 00:00:06]} 37. Kxf4 {[%clk
01:03:24] [%emt 00:00:03]} Nd7 {[%clk 00:04:59] [%emt 00:05:22]} 38. Rg7 {[%clk
00:56:43] [%emt 00:07:10]} Be6 {[%clk 00:03:03] [%emt 00:02:26]} 39. Re7 {[%clk
00:54:36] [%emt 00:02:37]} Kd6 {[%clk 00:02:19] [%emt 00:01:15]} 40. Re8 {[%clk
00:54:59] [%emt 00:00:07]} Nc5 {[%clk 00:00:34] [%emt 00:02:15]} 41. Ke3 {[%clk
00:47:22] [%emt 00:08:06]} Bd5 {[%clk 00:46:33] [%emt 00:04:31]} 42. Ra8 {[%clk
01:28:38] [%emt 00:09:14]} f5 {[%clk 00:38:36] [%emt 00:08:27]} 43. Kf4 {[%clk
01:27:21] [%emt 00:01:47]} Nd3+ {[%clk 00:21:56]} 44. Kxf5 {[%clk 01:26:46]
[%emt 00:18:15]} Nb4 {[%clk 00:17:47] [%emt 00:04:38]} 45. a3 {[%clk 01:20:21]
[%emt 00:06:56]} Nc2 {[%clk 00:17:21] [%emt 00:00:55]} 46. b4 {[%clk 01:19:51]
[%emt 00:01:01]} Nxa3 {[%clk 00:16:56] [%emt 00:00:55]} 47. Nb7+ {[%clk
01:19:23] [%emt 00:00:58]} Kc7 {[%clk 00:07:05] [%emt 00:10:22]} 48. Nc5 {[%clk
01:19:45] [%emt 00:00:07]} Nc2 {[%clk 00:04:19] [%emt 00:03:17]} 49. Ra7+ {[%clk
01:20:02] [%emt 00:00:12]} Kd8 {[%clk 00:04:43] [%emt 00:00:07]} 50. Rb7 {[%clk
01:17:36] [%emt 00:02:55]} Ne3+ {[%clk 00:02:51] [%emt 00:02:22]} 51. Kf4 {[%clk
01:17:14] [%emt 00:00:52]} Nc4 {[%clk 00:02:52] [%emt 00:00:30]} 52. Ra7 {[%clk
01:17:05] [%emt 00:00:39]} Na3 {[%clk 00:01:18] [%emt 00:02:04]} 53. Ke5 {[%clk
01:15:53] [%emt 00:01:41]} Nc4+ {[%clk 00:01:02] [%emt 00:00:47]} 54. Kf6 {[%clk
01:16:17] [%emt 00:00:05]} Ne3 {[%clk 00:00:33] [%emt 00:01:00]} 55. Rxa6 {[%clk
01:16:13] [%emt 00:00:35]} Kc7 {[%clk 00:00:32] [%emt 00:00:31]} 56. Ra7+ {[%clk
01:16:33] [%emt 00:00:09]} Kc8 {[%clk 00:00:59] [%emt 00:00:03]} 57. Rh7 {[%clk
01:15:17] [%emt 00:01:45]} Bc4 {[%clk 00:00:34] [%emt 00:00:56]} 58. Ke5 {[%clk
01:14:42] [%emt 00:01:03]} Bb5 {[%clk 00:00:33] [%emt 00:00:32]} 59. Ne4 {[%clk
01:14:26] [%emt 00:00:47]} Bd3 {[%clk 00:00:31] [%emt 00:00:31]} 60. Nd6+ {[%clk
01:14:26] [%emt 00:00:30]} Kb8 {[%clk 00:00:35] [%emt 00:00:26]} 61. Rh3 {[%clk
01:13:24] [%emt 00:01:32]} Nc4+ {[%clk 00:00:32] [%emt 00:00:34]} 62. Nxc4
{[%clk 01:13:44] [%emt 00:00:10]} Bxc4 {[%clk 00:00:59] [%emt 00:00:03]} 63. Rh7
{[%clk 01:13:27] [%emt 00:00:46]} Bb5 {[%clk 00:01:26] [%emt 00:00:04]} 64. Kd6
{[%clk 01:13:52] [%emt 00:00:05]} Kc8 {[%clk 00:01:35] [%emt 00:00:21]} 65. Rg7
{[%clk 01:14:10] [%emt 00:00:12]} Kb8 {[%clk 00:02:02] [%emt 00:00:03]} 66. Kc5
{[%clk 01:14:33] [%emt 00:00:06]} Kc8 {[%clk 00:02:25] [%emt 00:00:07]} 67. Kb6
{[%clk 01:15:00] [%emt 00:00:03]} Ba4 {[%clk 00:02:52] [%emt 00:00:03]} 68. Rc7+
{[%clk 01:15:27] [%emt 00:00:03]} Kb8 {[%clk 00:03:20] [%emt 00:00:03]} 69. Rxc6
{[%clk 01:15:02] [%emt 00:00:54]} Bxc6 {[%clk 00:03:45] [%emt 00:00:05]} 70.
Kxc6 {[%clk 01:15:30] [%emt 00:00:02]} Ka7 {[%clk 00:04:11] [%emt 00:00:05]} 71.
b5 {[%clk 01:15:57] [%emt 00:00:03]} Kb8 {[%clk 00:04:32] [%emt 00:00:09]} 72.
Kb6 {[%clk 01:16:23] [%emt 00:00:03]} Ka8 {[%clk 00:04:59] [%emt 00:00:03]} 73.
Kc7 {[%clk 01:16:50] [%emt 00:00:03]} 1-0

[Site "Europe Echecs"]

[Event "Grand Swiss "]
[Date "2025.09.14"]
[White "Maurizzi, MarcAndria"]
[Black "Yu, Yangyi"]
[WhiteElo "2610"]
[BlackElo "2714"]
[Round "9.9.10"]
[Result "0-1"]

1. Nf3 {[%clk 01:40:29] [%emt 00:00:29]} d5 {[%clk 01:40:45] [%emt 00:00:15]} 2.
g3 {[%clk 01:40:46] [%emt 00:00:14]} Bg4 {[%clk 01:40:18] [%emt 00:00:57]} 3.
Bg2 {[%clk 01:40:47] [%emt 00:00:28]} c6 {[%clk 01:40:09] [%emt 00:00:39]} 4.
O-O {[%clk 01:40:59] [%emt 00:00:19]} e6 {[%clk 01:39:29] [%emt 00:01:11]} 5. d3
{[%clk 01:40:29] [%emt 00:00:59]} Nf6 {[%clk 01:37:11] [%emt 00:02:49]} 6. h3
{[%clk 01:39:04] [%emt 00:01:56]} Bh5 {[%clk 01:34:55] [%emt 00:02:45]} 7. Qe1
{[%clk 01:34:23] [%emt 00:05:10]} Be7 {[%clk 01:33:59] [%emt 00:01:26]} 8. e4
{[%clk 01:34:37] [%emt 00:00:17]} O-O {[%clk 01:31:04] [%emt 00:03:25]} 9. Nbd2
{[%clk 01:32:40] [%emt 00:02:28]} Nbd7 {[%clk 01:21:00] [%emt 00:10:34]} 10. g4
{[%clk 01:18:59] [%emt 00:14:11]} dxe4 {[%clk 01:17:00] [%emt 00:04:29]} 11.
dxe4 {[%clk 01:19:16] [%emt 00:00:13]} Bg6 {[%clk 01:17:22] [%emt 00:00:08]} 12.
Nh4 {[%clk 01:18:53] [%emt 00:00:53]} Bc5 {[%clk 01:09:47] [%emt 00:08:05]} 13.
Nxg6 {[%clk 01:11:00] [%emt 00:08:24]} fxg6 {[%clk 01:09:02] [%emt 00:01:14]}
14. Nb3 {[%clk 01:08:57] [%emt 00:02:33]} Bb6 {[%clk 01:07:43] [%emt 00:01:48]}
15. Be3 {[%clk 01:00:17] [%emt 00:09:10]} Bxe3 {[%clk 00:50:10] [%emt 00:18:04]}
16. Qxe3 {[%clk 00:59:46] [%emt 00:01:01]} Qb6 {[%clk 00:50:33] [%emt 00:00:07]}
17. Qxb6 {[%clk 00:53:02] [%emt 00:07:14]} axb6 {[%clk 00:50:49] [%emt
00:00:13]} 18. f4 {[%clk 00:53:12] [%emt 00:00:21]} e5 {[%clk 00:48:07] [%emt
00:03:11]} 19. f5 {[%clk 00:51:39] [%emt 00:02:02]} g5 {[%clk 00:40:00] [%emt
00:08:38]} 20. a4 {[%clk 00:45:08] [%emt 00:07:01]} Nc5 {[%clk 00:34:55] [%emt
00:05:35]} 21. Nxc5 {[%clk 00:31:19] [%emt 00:14:19]} bxc5 {[%clk 00:35:14]
[%emt 00:00:11]} 22. a5 {[%clk 00:28:49] [%emt 00:03:00]} Rfd8 {[%clk 00:31:55]
[%emt 00:03:49]} 23. Ra3 {[%clk 00:26:41] [%emt 00:02:39]} Rd4 {[%clk 00:30:26]
[%emt 00:01:58]} 24. c3 {[%clk 00:25:30] [%emt 00:01:41]} Rd2 {[%clk 00:27:20]
[%emt 00:03:36]} 25. Rf2 {[%clk 00:23:42] [%emt 00:02:17]} Rd1+ {[%clk 00:26:39]
[%emt 00:01:11]} 26. Rf1 {[%clk 00:23:59] [%emt 00:00:13]} Rd3 {[%clk 00:26:12]
[%emt 00:00:57]} 27. Rf3 {[%clk 00:15:04] [%emt 00:09:25]} Rd6 {[%clk 00:22:15]
[%emt 00:04:27]} 28. Ra1 {[%clk 00:05:52] [%emt 00:09:43]} Kf7 {[%clk 00:20:23]
[%emt 00:02:22]} 29. Bf1 {[%clk 00:05:05] [%emt 00:01:17]} Ke7 {[%clk 00:19:53]
[%emt 00:01:00]} 30. b4 {[%clk 00:03:29] [%emt 00:02:07]} Rd2 {[%clk 00:16:43]
[%emt 00:03:39]} 31. b5 {[%clk 00:03:00] [%emt 00:00:59]} cxb5 {[%clk 00:17:07]
[%emt 00:00:07]} 32. Bxb5 {[%clk 00:03:25] [%emt 00:00:05]} Rb2 {[%clk 00:17:32]
[%emt 00:00:04]} 33. Bf1 {[%clk 00:02:26] [%emt 00:01:28]} Kd6 {[%clk 00:13:24]
[%emt 00:04:39]} 34. c4 {[%clk 00:01:34] [%emt 00:01:22]} Kc7 {[%clk 00:12:15]
[%emt 00:01:39]} 35. Rfa3 {[%clk 00:01:56] [%emt 00:00:07]} Ra6 {[%clk 00:10:08]
[%emt 00:02:37]} 36. Rd3 {[%clk 00:00:49] [%emt 00:01:36]} h6 {[%clk 00:10:32]
[%emt 00:00:06]} 37. Rda3 {[%clk 00:01:10] [%emt 00:00:09]} Rd2 {[%clk 00:02:42]
[%emt 00:08:20]} 38. Rb3 {[%clk 00:00:57] [%emt 00:00:43]} Ne8 {[%clk 00:02:49]
[%emt 00:00:22]} 39. Rd3 {[%clk 00:00:34] [%emt 00:00:55]} Rxd3 {[%clk 00:01:40]
[%emt 00:01:39]} 40. Bxd3 {[%clk 00:01:02] [%emt 00:00:01]} Rd6 {[%clk 00:00:35]
[%emt 00:01:35]} 41. Ra3 {[%clk 00:44:26] [%emt 00:07:05]} Kc8 {[%clk 00:40:27]
[%emt 00:10:38]} 42. Bc2 {[%clk 00:38:14] [%emt 00:06:43]} Nc7 {[%clk 00:30:48]
[%emt 00:10:08]} 43. Ba4 {[%clk 00:36:15] [%emt 00:02:29]} Na6 {[%clk 00:28:24]
[%emt 00:02:54]} 44. h4 {[%clk 00:25:54] [%emt 00:10:51]} gxh4 {[%clk 00:24:37]
[%emt 00:04:18]} 45. Rh3 {[%clk 00:24:57] [%emt 00:01:27]} Rd4 {[%clk 00:22:15]
[%emt 00:02:52]} 46. Rxh4 {[%clk 00:25:23] [%emt 00:00:04]} Rxe4 {[%clk
00:17:59] [%emt 00:04:45]} 47. f6 {[%clk 00:23:22] [%emt 00:02:32]} gxf6 {[%clk
00:17:25] [%emt 00:01:03]} 48. Bc2 {[%clk 00:22:19] [%emt 00:01:34]} Rxc4 {[%clk
00:17:17] [%emt 00:00:38]} 49. Bf5+ {[%clk 00:22:48]} Kc7 {[%clk 00:11:53] [%emt
00:05:54]} 50. Rxh6 {[%clk 00:23:11] [%emt 00:00:06]} Rf4 {[%clk 00:12:19] [%emt
00:00:03]} 51. Rxf6 {[%clk 00:22:45] [%emt 00:00:57]} c4 {[%clk 00:12:44] [%emt
00:00:06]} 52. Re6 {[%clk 00:12:37] [%emt 00:10:37]} c3 {[%clk 00:09:02] [%emt
00:04:12]} 53. Rxe5 {[%clk 00:12:47] [%emt 00:00:20]} Kd6 {[%clk 00:09:26] [%emt
00:00:06]} 54. Re3 {[%clk 00:07:25] [%emt 00:05:52]} Rc4 {[%clk 00:09:11] [%emt
00:00:45]} 55. Re1 {[%clk 00:06:13] [%emt 00:01:42]} Nb4 {[%clk 00:08:12] [%emt
00:01:29]} 56. Kf2 {[%clk 00:06:20] [%emt 00:00:23]} Rc5 {[%clk 00:08:03] [%emt
00:00:39]} 57. Rd1+ {[%clk 00:05:15] [%emt 00:01:35]} Ke5 {[%clk 00:07:32] [%emt
00:01:01]} 58. Ke3 {[%clk 00:04:06] [%emt 00:01:38]} Rxa5 {[%clk 00:07:31] [%emt
00:00:32]} 59. Rd4 {[%clk 00:01:51] [%emt 00:02:45]} Ra4 {[%clk 00:01:31] [%emt
00:06:30]} 60. Rc4 {[%clk 00:01:13] [%emt 00:01:07]} b5 {[%clk 00:01:20] [%emt
00:00:42]} 61. Rc8 {[%clk 00:11:23] [%emt 00:05:19]} Nd5+ {[%clk 00:16:01] [%emt
00:00:50]} 62. Kd3 {[%clk 00:11:31] [%emt 00:00:23]} Rd4+ {[%clk 00:14:33] [%emt
00:01:57]} 63. Ke2 {[%clk 00:11:43] [%emt 00:00:18]} b4 {[%clk 00:13:17] [%emt
00:01:47]} 64. Rb8 {[%clk 00:12:09] [%emt 00:00:04]} Rd2+ {[%clk 00:13:13] [%emt
00:00:33]} 65. Ke1 {[%clk 00:12:36] [%emt 00:00:01]} Rh2 {[%clk 00:12:40] [%emt
00:01:05]} 0-1

[Site "Europe Echecs"]

[Event "Grand Swiss "]
[Date "2025.09.14"]
[White "Vidit, Santosh Gujrathi"]
[Black "Sargsyan, Shant"]
[WhiteElo "2712"]
[BlackElo "2653"]
[Round "9.9.11"]
[Result "1/2-1/2"]

1. Nf3 {[%clk 01:40:29] [%emt 00:00:31]} d5 {[%clk 01:39:32] [%emt 00:01:28]} 2.
b3 {[%clk 01:40:46] [%emt 00:00:13]} Bf5 {[%clk 01:37:43] [%emt 00:02:20]} 3.
Bb2 {[%clk 01:40:30] [%emt 00:00:46]} e6 {[%clk 01:38:02] [%emt 00:00:11]} 4. g3
{[%clk 01:40:44] [%emt 00:00:15]} h6 {[%clk 01:37:18] [%emt 00:01:14]} 5. Bg2
{[%clk 01:41:04] [%emt 00:00:10]} Nf6 {[%clk 01:37:39] [%emt 00:00:10]} 6. O-O
{[%clk 01:41:19] [%emt 00:00:16]} Be7 {[%clk 01:37:18] [%emt 00:00:51]} 7. d3
{[%clk 01:41:32] [%emt 00:00:16]} O-O {[%clk 01:37:14] [%emt 00:00:34]} 8. Nc3
{[%clk 01:41:45] [%emt 00:00:17]} Nc6 {[%clk 01:33:33] [%emt 00:04:11]} 9. a3
{[%clk 01:38:18] [%emt 00:03:57]} e5 {[%clk 01:25:02] [%emt 00:09:01]} 10. b4
{[%clk 01:12:32] [%emt 00:26:16]} a6 {[%clk 01:24:18] [%emt 00:01:14]} 11. Re1
{[%clk 00:53:24] [%emt 00:19:38]} d4 {[%clk 00:55:22] [%emt 00:29:26]} 12. Nb1
{[%clk 00:53:39] [%emt 00:00:14]} Nd5 {[%clk 00:52:43] [%emt 00:03:10]} 13. c4
{[%clk 00:44:54] [%emt 00:09:15]} dxc3 {[%clk 00:50:56] [%emt 00:02:17]} 14.
Nxc3 {[%clk 00:45:16] [%emt 00:00:08]} Nxc3 {[%clk 00:46:01] [%emt 00:05:25]}
15. Bxc3 {[%clk 00:45:44] [%emt 00:00:02]} e4 {[%clk 00:41:56] [%emt 00:04:35]}
16. Ne5 {[%clk 00:43:00] [%emt 00:03:14]} Nxe5 {[%clk 00:40:54] [%emt 00:01:33]}
17. dxe4 {[%clk 00:35:40] [%emt 00:07:50]} Bxe4 {[%clk 00:37:12] [%emt
00:04:12]} 18. Bxe4 {[%clk 00:34:59] [%emt 00:01:10]} Bf6 {[%clk 00:37:37] [%emt
00:00:05]} 19. Bxb7 {[%clk 00:31:41] [%emt 00:03:49]} Rb8 {[%clk 00:37:08] [%emt
00:00:59]} 20. Qxd8 {[%clk 00:23:45] [%emt 00:08:25]} Rfxd8 {[%clk 00:37:26]
[%emt 00:00:12]} 21. Bxe5 {[%clk 00:23:32] [%emt 00:00:43]} Bxe5 {[%clk
00:37:46] [%emt 00:00:11]} 22. Bxa6 {[%clk 00:23:58] [%emt 00:00:04]} Bxa1
{[%clk 00:35:26] [%emt 00:02:50]} 23. Rxa1 {[%clk 00:24:26] [%emt 00:00:02]} Rb6
{[%clk 00:33:28] [%emt 00:02:28]} 24. Bd3 {[%clk 00:24:16] [%emt 00:00:40]} Ra8
{[%clk 00:31:44] [%emt 00:02:13]} 25. Rc1 {[%clk 00:17:36] [%emt 00:07:10]} Rxa3
{[%clk 00:30:57] [%emt 00:01:17]} 26. Rxc7 {[%clk 00:18:00] [%emt 00:00:06]}
Rxd3 {[%clk 00:31:00] [%emt 00:00:26]} 27. exd3 {[%clk 00:18:24] [%emt
00:00:06]} Rxb4 {[%clk 00:31:23] [%emt 00:00:07]} 28. Rc8+ {[%clk 00:18:28]
[%emt 00:00:27]} Kh7 {[%clk 00:29:43] [%emt 00:02:09]} 29. Kg2 {[%clk 00:13:31]
[%emt 00:05:27]} Rb3 {[%clk 00:23:48] [%emt 00:06:26]} 30. Rd8 {[%clk 00:13:16]
[%emt 00:00:45]} h5 {[%clk 00:21:55] [%emt 00:02:23]} 31. h4 {[%clk 00:12:50]
[%emt 00:00:56]} g6 {[%clk 00:21:30] [%emt 00:00:55]} 32. Kf3 {[%clk 00:13:04]
[%emt 00:00:16]} Kg7 {[%clk 00:21:49] [%emt 00:00:10]} 33. Kf4 {[%clk 00:07:12]
[%emt 00:06:22]} Kf6 {[%clk 00:16:25] [%emt 00:05:54]} 34. Rd6+ {[%clk 00:07:23]
[%emt 00:00:19]} Ke7 {[%clk 00:16:29] [%emt 00:00:26]} 35. Rd5 {[%clk 00:07:12]
[%emt 00:00:41]} Rb2 {[%clk 00:11:45] [%emt 00:05:15]} 36. f3 {[%clk 00:07:08]
[%emt 00:00:34]} Rf2 {[%clk 00:11:08] [%emt 00:01:07]} 37. Re5+ {[%clk 00:05:44]
[%emt 00:01:54]} Kf6 {[%clk 00:10:34] [%emt 00:01:04]} 38. d4 {[%clk 00:04:19]
[%emt 00:01:56]} Rf1 {[%clk 00:08:03] [%emt 00:03:00]} 39. Re3 {[%clk 00:00:52]
[%emt 00:03:56]} Rd1 {[%clk 00:06:43] [%emt 00:01:52]} 40. Ke4 {[%clk 00:00:57]
[%emt 00:00:24]} Ke6 {[%clk 00:04:36] [%emt 00:02:38]} 41. Kf4+ {[%clk 00:30:45]
[%emt 00:20:42]} Kf6 {[%clk 00:54:13] [%emt 00:00:53]} 42. Re4 {[%clk 00:31:04]
[%emt 00:00:11]} Rf1 {[%clk 00:37:54] [%emt 00:16:49]} 43. Ke3 {[%clk 00:27:29]
[%emt 00:04:05]} Re1+ {[%clk 00:37:46] [%emt 00:00:39]} 44. Kd3 {[%clk 00:25:52]
[%emt 00:02:07]} Rd1+ {[%clk 00:35:06] [%emt 00:03:10]} 45. Kc4 {[%clk 00:25:11]
[%emt 00:01:11]} Rc1+ {[%clk 00:34:48] [%emt 00:00:49]} 46. Kb5 {[%clk 00:21:03]
[%emt 00:04:39]} Rb1+ {[%clk 00:29:42] [%emt 00:05:36]} 47. Kc6 {[%clk 00:19:15]
[%emt 00:02:17]} Rc1+ {[%clk 00:29:58] [%emt 00:00:14]} 48. Kd6 {[%clk 00:17:26]
[%emt 00:02:19]} g5 {[%clk 00:29:59] [%emt 00:00:29]} 49. d5 {[%clk 00:05:09]
[%emt 00:12:47]} Rc3 {[%clk 00:28:43] [%emt 00:01:45]} 50. hxg5 {[%clk 00:02:37]
[%emt 00:03:03]} Kxg5 {[%clk 00:29:04] [%emt 00:00:09]} 51. Rf4 {[%clk 00:01:27]
[%emt 00:01:40]} f5 {[%clk 00:27:51] [%emt 00:01:43]} 52. Ke5 {[%clk 00:01:41]
[%emt 00:00:16]} Re3+ {[%clk 00:28:09] [%emt 00:00:12]} 53. Kd4 {[%clk 00:02:10]
[%emt 00:00:01]} Ra3 {[%clk 00:22:47] [%emt 00:05:52]} 54. Kc5 {[%clk 00:00:39]
[%emt 00:02:01]} h4 {[%clk 00:19:00] [%emt 00:04:17]} 55. Rxh4 {[%clk 00:01:04]
[%emt 00:00:06]} Rxf3 {[%clk 00:19:26] [%emt 00:00:04]} 56. d6 {[%clk 00:00:37]
[%emt 00:00:57]} Rxg3 {[%clk 00:16:36] [%emt 00:03:21]} 57. d7 {[%clk 00:00:49]
[%emt 00:00:18]} Kxh4 {[%clk 00:16:56] [%emt 00:00:10]} 58. d8=Q+ {[%clk
00:01:14] [%emt 00:00:04]} Kg4 {[%clk 00:15:41] [%emt 00:01:45]} 59. Qg8+ {[%clk
00:01:20] [%emt 00:00:24]} Kf3 {[%clk 00:15:00] [%emt 00:01:12]} 60. Qd5+ {[%clk
00:01:04] [%emt 00:00:45]} Kg4 {[%clk 00:15:14] [%emt 00:00:16]} 61. Qe6 {[%clk
00:14:22] [%emt 00:02:11]} Kg5 {[%clk 00:27:54] [%emt 00:02:50]} 62. Qe7 {[%clk
00:13:09] [%emt 00:01:43]} Kg4 {[%clk 00:27:03] [%emt 00:01:20]} 63. Qg7+ {[%clk
00:13:13] [%emt 00:00:27]} Kf3 {[%clk 00:26:07] [%emt 00:01:27]} 64. Qf7 {[%clk
00:10:34] [%emt 00:03:08]} f4 {[%clk 00:24:41] [%emt 00:01:56]} 65. Kd4 {[%clk
00:08:46] [%emt 00:02:18]} Kg4 {[%clk 00:12:31] [%emt 00:12:40]} 66. Qg6 {[%clk
00:07:57] [%emt 00:01:19]} Kh3 {[%clk 00:12:39] [%emt 00:00:22]} 67. Qf5+ {[%clk
00:06:26] [%emt 00:02:00]} Kh4 {[%clk 00:13:05] [%emt 00:00:05]} 68. Qf6 {[%clk
00:03:42] [%emt 00:03:14]} Kg4 {[%clk 00:12:33] [%emt 00:01:02]} 69. Qg6 {[%clk
00:03:38] [%emt 00:00:35]} Kh3 {[%clk 00:12:57] [%emt 00:00:06]} 70. Qe6+ {[%clk
00:02:26] [%emt 00:01:42]} Kg2 {[%clk 00:12:04] [%emt 00:01:22]} 71. Qd5+ {[%clk
00:01:29] [%emt 00:01:27]} f3 {[%clk 00:10:41] [%emt 00:01:53]} 72. Ke3 {[%clk
00:01:54] [%emt 00:00:05]} Rh3 {[%clk 00:08:21] [%emt 00:02:50]} 73. Qe4 {[%clk
00:01:15] [%emt 00:01:08]} Rg3 {[%clk 00:07:54] [%emt 00:00:58]} 74. Kf4 {[%clk
00:01:21] [%emt 00:00:24]} Rh3 {[%clk 00:06:29] [%emt 00:01:55]} 75. Qg6+ {[%clk
00:01:29] [%emt 00:00:22]} Kh2 {[%clk 00:03:40] [%emt 00:03:19]} 76. Ke3 {[%clk
00:01:38] [%emt 00:00:21]} Rg3 {[%clk 00:03:58] [%emt 00:00:13]} 77. Qh5+ {[%clk
00:00:35] [%emt 00:01:30]} Kg2 {[%clk 00:03:52] [%emt 00:00:37]} 78. Qd5 {[%clk
00:00:47] [%emt 00:00:18]} Rh3 {[%clk 00:03:53] [%emt 00:00:30]} 79. Qc6 {[%clk
00:00:58] [%emt 00:00:19]} Rg3 {[%clk 00:03:40] [%emt 00:00:43]} 80. Qa8 {[%clk
00:01:00] [%emt 00:00:28]} Kg1 {[%clk 00:02:10] [%emt 00:01:59]} 81. Kf4 {[%clk
00:01:05] [%emt 00:00:25]} Kg2 {[%clk 00:02:34] [%emt 00:00:06]} 82. Qc6 {[%clk
00:00:45] [%emt 00:00:50]} Rh3 {[%clk 00:02:35] [%emt 00:00:30]} 83. Qg6+ {[%clk
00:00:59] [%emt 00:00:15]} Kh2 {[%clk 00:02:53] [%emt 00:00:11]} 84. Qc2+ {[%clk
00:00:55] [%emt 00:00:34]} Kg1 {[%clk 00:03:03] [%emt 00:00:21]} 85. Qd1+ {[%clk
00:01:02] [%emt 00:00:23]} Kg2 {[%clk 00:02:59] [%emt 00:00:33]} 86. Qd5 {[%clk
00:01:22] [%emt 00:00:10]} Rg3 {[%clk 00:02:53] [%emt 00:00:36]} 87. Ke3 {[%clk
00:00:34] [%emt 00:01:18]} Kg1 {[%clk 00:02:08] [%emt 00:01:14]} 88. Kf4 {[%clk
00:00:35] [%emt 00:00:30]} Kg2 {[%clk 00:01:50] [%emt 00:00:48]} 89. Qa8 {[%clk
00:00:43] [%emt 00:00:22]} Rh3 {[%clk 00:01:42] [%emt 00:00:38]} 90. Qg8+ {[%clk
00:00:59] [%emt 00:00:14]} Kh2 {[%clk 00:02:03] [%emt 00:00:08]} 91. Qa2+ {[%clk
00:00:48] [%emt 00:00:42]} Kg1 {[%clk 00:02:26] [%emt 00:00:07]} 92. Qa1+ {[%clk
00:01:03] [%emt 00:00:15]} Kg2 {[%clk 00:02:10] [%emt 00:00:46]} 93. Qg7+ {[%clk
00:01:04] [%emt 00:00:30]} Kh2 {[%clk 00:02:27] [%emt 00:00:13]} 94. Qb2+ {[%clk
00:00:45] [%emt 00:00:49]} Kg1 {[%clk 00:02:48] [%emt 00:00:09]} 95. Qb1+ {[%clk
00:01:01] [%emt 00:00:14]} Kg2 {[%clk 00:02:57] [%emt 00:00:19]} 96. Qg6+ {[%clk
00:01:18] [%emt 00:00:14]} Kh2 {[%emt 00:00:22]} 97. Ke5 {[%emt 00:01:37]}

[Site "Europe Echecs"]